000 00728nam a2200241Ia 4500
005 20260430150631.0
008 008 250103s9999 xx 000 0 eng d
037 _aTheses
040 _aCRL
040 _beng
040 _ceng
041 _2eng
041 _aeng
084 _qCRL
100 _aPreeti Au.; Singh Ram Pal Gu.; Rajni Bala Gu.
_91238058
245 0 _aModeling and Prediction of Short and Long-Horizons for Time Series Data Using Extreme Learning Machines and Deep Learning Frameworks
260 _c2024
300 _a194p.
650 _aComputr Science
700 _aUniversity of Delhi. Faculty of Mathematical Sciences. Deptt. of Computer Science
942 _cTH
999 _c1850263
_d1850263